| 000 | 00495nam a2200181Ia 4500 | ||
|---|---|---|---|
| 003 | LK-CoDNM | ||
| 008 | 010623t2001 xxu||||| |||| 00| 1 sin d | ||
| 040 |
_aLK-CoDNM _dLK-CoDNM _eLK-CoDNM |
||
| 041 | _asin | ||
| 080 |
_a809.13 _bGUN |
||
| 100 |
_aRev.Gunarathana, Moratuwe _eed. |
||
| 245 | _aපාළි ව්යාකරණය | ||
| 246 | _aPali Viyakaranaya | ||
| 260 |
_bBuddhist Cultural Centre _aDehiwala _c2001 |
||
| 300 | _b228, 21 cm | ||
| 650 | _aPali Language | ||
| 942 | _cBK | ||
| 999 |
_c121281 _d121281 |
||